Lingüística, interacción comunicativa y proceso psicoanalítico
Guardat en:
| Autor principal: | |
|---|---|
| Format: | Llibre |
| Idioma: | espanyol |
| Publicat: |
Buenos Aires
Galerna
1970
|
| Col·lecció: | Psicología Galerna
|
| Matèries: | |
| Etiquetes: |
Afegir etiqueta
Sense etiquetes, Sigues el primer a etiquetar aquest registre!
|
MARC
| LEADER | 00000nam a2200000 a 4500 | ||
|---|---|---|---|
| 001 | UCJ2826 | ||
| 003 | CL-VaPUC | ||
| 008 | 070119e19700000AG |||||||||||||||||spa|d | ||
| 082 | 0 | 4 | |a 401.9 |b LIB |2 21 |
| 100 | 0 | |a Liberman, David |e author |9 503825 | |
| 245 | 1 | 0 | |a Lingüística, interacción comunicativa y proceso psicoanalítico |
| 300 | |a 374 p | ||
| 942 | |c BK | ||
| 945 | |d 20070119 00:00:00 |a jtorresc | ||
| 260 | |a Buenos Aires |b Galerna |c 1970 | ||
| 500 | |a Donación de la Dra. Marianne Peronard Thierry | ||
| 650 | 0 | |a Psicoanálisis |9 265702 | |
| 650 | 0 | |a Psicolingüística |9 283371 | |
| 583 | |a last modification |c 20130102 10:26:34 |k Rodrigo Vera | ||
| 490 | 0 | |a Psicología Galerna | |
| 999 | |c 318955 |d 318953 | ||
| 952 | |0 0 |1 0 |4 0 |6 401_900000000000000_LIB_1970 |7 0 |8 A |9 397173 |a FDOPOS |b FDOPOS |d 2019-11-22 |i 4316193 |o 401.9 LIB 1970 |p 4316193 |r 2025-01-22 |w 2019-11-22 |y BK |k MLA | ||